000 01018nam a2200301Ia 4500
003 OSt
005 20221007123055.0
006 a|||||r|||| 00| 0
007 ta
008 221006b |||||||| |||| 00| 0 eng d
020 _a9789813141759 (hbk)
024 _a199064
037 _b4726, 27/02/2018, Ashutosh Technical Books
_cTextual
040 _aPAPL
_cPAPL
_beng
041 _2eng
_aeng
082 _aCK:8K9, Q7 Carpa
100 _aAuger Garard Ed.
_9716315
245 0 _aOverview of gravitational waves: Theory, sources and detection
_b Plagnol Eric Ed.
260 _aSingapore
_bWorld Scientific
_c2017
300 _aviii, 317p. ill.
_ccm.
500 _aIndex 315-317p.
650 _a LISA pathfinder
_9716316
650 _a Pulsar timimg array
_9716317
650 _aPhysics
700 _a Plagnol Eric Ed.
_9716318
942 _hCK:8K9, Q7 Carpa
_cTEXL
_2CC
999 _c1211336
_d1211336